The Police: Albums by Cover - Statistics

General Stats
  • This quiz has been taken 52 times
  • The average score is 4 of 5
Answer Stats
Picture Hint Answer % Correct
1983 Synchronicity
90%
1981 Ghost in the Machine
85%
1980 Zenyatta Mondatta
77%
1978 Outlandos d'Amour
69%
1979 Reggatta de Blanc
69%
No matching quizzes found
Score Distribution
Percent of People with Each Score
Percentile by Number Answered
Your Score History
You have not taken this quiz